• 首页
  • 本馆介绍
  • 公告通知
  • 最新文献
  • 馆藏检索
  • 电子资源
  • 读者导购
  • 参考咨询
  • 我的图书馆
  • 登录
  • 详细信息显示
  • 放入我的书架
  • 预约/预借图书
  • 作者相关作品
  • 分类相关作品
  • 丛书相关作品
  • 出版社相关作品

书目信息

  • 表格格式
  • 工作单格式
  • 卡片格式
题名:
成本管理会计学
    
 
作者: 杨修发 , 朱启明 主编
分册:  
出版信息: 成都   西南财经大学出版社  2002.08
页数: 566页
开本: 22cm
丛书名:
单 册:
中图分类: F234.2
科图分类:
主题词: 成本会计
电子资源:
ISBN: 7-81088-001-2
000 00696nam0 2200217 45
001 0311121480
005 20031219104121.4
010    @a7-81088-001-2@dCNY30.00
100    @a20031112d2002 km y0chiy0120 ea
101 0  @achi
105    @a z 000yy
200 1  @a成本管理会计学@ACheng Ben Guan Li Kuai Ji Xue@f杨修发,朱启明主编@FYangXiu Fa,Zhu Qi Ming Zhu Bian
210    @a成都@c西南财经大学出版社@d2002.08
215    @a566页@d22cm
300    @a附表一:一元的终值;附表二:一元的现值;附表三:一元年金的终值;附表四:一元年金的现值
606 0  @a成本会计
690    @aF234.2@v3
701  0 @a杨修发@4主编
701  0 @a朱启明@4主编
801    @aCN@bTSTC@c20031112
905    @b328006-010@dF234.2@e125@f5
    
    成本管理会计学/杨修发,朱启明主编.-成都:西南财经大学出版社,2002.08
    566页;22cm
    附表一:一元的终值;附表二:一元的现值;附表三:一元年金的终值;附表四:一元年金的现值
    
    ISBN 7-81088-001-2:CNY30.00
    
●
相关链接 在E读中查询图书 在五车中查询图书 在当当中查询图书 在豆瓣中查询图书


正题名:成本管理会计学     索取号:F234.2/125         预约/预借

序号 登录号 条形码 馆藏地/架位号 状态 备注
1 0328006   203280065   第一借阅区/ [索取号:F234.2/125] 在馆    
2 0328007   203280074   第一借阅区/ [索取号:F234.2/125] 在馆    
3 0328008   203280083   第一借阅区/ [索取号:F234.2/125] 在馆    
4 0328009   203280092   第一借阅区/ [索取号:F234.2/125] 在馆    
5 0328010   203280109   第一样本阅览室/ [索取号:F234.2/125] 在馆    
唐山师范学院图书馆 欢迎您!
大连网信软件有限公司© 版权所有